000 00708nam a2200229Ia 4500
003 GCL
008 140319s9999 xx 000 0 ara d
040 _aGCL /
_cGCL
082 0 4 _a115
_bب ا
100 1 _aسامى ادهم
245 1 0 _aانشتين , غاليلو , ونيوتن المكان والنسبية /
_cسامى ادهم
700 1 _aباليبار، فرانسواز
260 _a[S.N] :
_bالمؤسسة الجامعية للدراسات والنشر والتوزيع ،
_c1993
300 _a133 ص
490 _a
650 0 4 _aالفلسفة
650 0 4 _aالفيزياء
650 0 4 _aالمكانس
650 0 4 _aالزمان
650 0 4 _aالنسبية
942 _2ddc
_cBK
999 _c31745
_d31745